Countries with the Lowest Percentage of Women A-Z - Statistics

General Stats
  • This quiz has been taken 28 times
  • The average score is 15 of 24
Answer Stats
Letter Women % Country % Correct
Q 27.3% Qatar
88%
O 38.9% Oman
84%
Y 49.5% Yemen
80%
Z 50.7% Zambia
80%
U 30.5% United Arab Emirates
76%
H 49.5% Honduras
72%
I 48.4% India
72%
F 49.7% Federated States of Micronesia
68%
J 48.2% Jordan
68%
K 39% Kuwait
68%
R 50.4% Republic of the Congo
68%
V 49.7% Vanuatu
68%
C 48.9% China
60%
L 49.4% Libya
60%
N 49.2% Nauru
60%
P 48% Palau
60%
S 42.2% Saudi Arabia
60%
T 48.9% Tuvalu
56%
D 49.8% Dominican Republic
52%
B 37.9% Bahrain
48%
A 48.9% Andorra
44%
G 49.1% Gabon
44%
M 42.3% Maldives
24%
E 47.2% Equatorial Guinea
20%
No matching quizzes found
Score Distribution
Percent of People with Each Score
Percentile by Number Answered
Your Score History
You have not taken this quiz